Mnogomernoje uravnenije Monža-Ampera det ...

Salvato in:
Dettagli Bibliografici
Natura: Libro
Lingua:russo
Pubblicazione: Moskva Nauka 1988
Edizione:1. izd.
Tags: Aggiungi Tag
Nessun Tag, puoi essere il primo ad aggiungerne!!

MARC

LEADER 00000nam a2200000 4500
001 c041211
005 20260128072339.7
041 0 |a rus 
044 |a RU 
245 1 0 |a Mnogomernoje uravnenije Monža-Ampera det ...  |c Aleksej Vasil'jevič Pogorelov 
250 |a 1. izd. 
264 1 |a Moskva  |b Nauka  |c 1988 
300 |a 92 s.